[Event "GER-chT Federal Cup (Women)"]
[Site "Braunfels"]
[Date "2024.05.31"]
[Round "2.7"]
[White "Zoellner, Gislain"]
[Black "Pralle, Katharina"]
[Result "1/2-1/2"]
[WhiteElo "1908"]
[BlackElo "1933"]
[PlyCount "31"]
[EventDate "2024.05.30"]
[EventType "team-swiss"]
[EventRounds "5"]
[EventCountry "GER"]
[SourceTitle "CB24_2024"]
[SourceDate "2024.06.12"]
[SourceVersion "1"]
[SourceVersionDate "2024.06.12"]
[SourceQuality "1"]
[WhiteTeam "Niedersachsen (W)"]
[BlackTeam "Hessen (W)"]
[WhiteTeamCountry "GER"]
[BlackTeamCountry "GER"]

1. e4 d5 2. exd5 Qxd5 3. Nc3 Qa5 4. Nf3 Nf6 5. Be2 Bf5 6. 0-0 c6 7. d4 e6 8. Bf4 Be7 9. Bd3 Bxd3 10. Qxd3 Nbd7 11. Ne4 Nxe4 12. Qxe4 Nf6 13. Qe2 Qh5 14. Qe5 Qxe5 15. Nxe5 0-0 16. c3 1/2-1/2

[Event "BL 1718 (Women)"]
[Site "Germany"]
[Date "2018.03.25"]
[Round "11.5"]
[White "Rogozenco, Teodora Nana"]
[Black "Pralle, Katharina"]
[Result "1-0"]
[WhiteElo "2025"]
[BlackElo "1982"]
[PlyCount "79"]
[EventDate "2017.10.01"]
[EventType "team-tourn"]
[EventRounds "11"]
[EventCountry "GER"]
[SourceTitle "EXT 2019"]
[Source "ChessBase"]
[SourceDate "2018.10.10"]
[SourceVersion "1"]
[SourceVersionDate "2018.10.10"]
[SourceQuality "1"]
[WhiteTeam "Hamburger SK (W)"]
[BlackTeam "Hofheim (W)"]
[WhiteTeamCountry "GER"]
[BlackTeamCountry "GER"]

1. d4 d5 2. c4 e6 3. Nc3 Nf6 4. cxd5 exd5 5. Bg5 c6 6. Qc2 h6 7. Bh4 Be7 8. e3 Nbd7 9. Bd3 0-0 10. Nf3 Re8 11. Bg3 a6 12. 0-0 Nh5 13. Nxd5 Nxg3 14. Nxe7+ Rxe7 15. hxg3 Qa5 16. e4 Nf6 17. e5 Nd5 18. a3 Be6 19. Qe2 Kf8 20. Nh4 Ke8 21. Qe4 g6 22. Rac1 Kd7 23. Rc5 Qd8 24. b4 h5 25. Rb1 Qh8 26. Qe1 Ree8 27. a4 Qh6 28. b5 axb5 29. axb5 Rec8 30. Nf3 Bg4 31. Nd2 h4 32. bxc6+ bxc6 33. Rb7+ Ke8 34. Ne4 Kf8 35. Nd6 Rc7 36. Rxc7 Nxc7 37. Rxc6 Nd5 38. Bc4 Ne7 39. Nxf7 Qh5 40. Rf6 1-0

[Event "GER-chT Federal Cup (Women)"]
[Site "Braunfels"]
[Date "2017.06.16"]
[Round "2.1"]
[White "Barpiyeva, Gulsana"]
[Black "Pralle, Katharina"]
[Result "1-0"]
[WhiteElo "2109"]
[BlackElo "2018"]
[PlyCount "51"]
[EventDate "2017.06.15"]
[EventType "team-swiss"]
[EventRounds "5"]
[EventCountry "GER"]
[SourceTitle "CBM 179 Extra"]
[Source "ChessBase"]
[SourceDate "2017.08.23"]
[SourceVersion "1"]
[SourceVersionDate "2017.08.23"]
[SourceQuality "1"]
[WhiteTeam "Hessen (W)"]
[BlackTeam "Hessen (W) II"]
[WhiteTeamCountry "GER"]
[BlackTeamCountry "GER"]

1. Nf3 d5 2. c4 e6 3. e3 Nf6 4. Nc3 Be7 5. d4 c6 6. Bd3 Nbd7 7. b3 Qa5 8. Bd2 Qc7 9. 0-0 0-0 10. Qc2 Re8 11. Rac1 h6 12. Qb2 Bd6 13. e4 dxe4 14. Bxe4 a6 15. Rfe1 c5 16. dxc5 Nxc5 17. Bb1 Ng4 18. g3 b6 19. Nd5 Qd8 20. Qc2 f5 21. h3 Nxf2 22. Kxf2 exd5 23. cxd5 Ne4+ 24. Kg2 Nxg3 25. Qc6 Ne4 26. Qxa8 1-0

[Event "GER-chT Federal Cup (Women)"]
[Site "Braunfels"]
[Date "2016.05.28"]
[Round "4.8"]
[White "Ziegler, Sabine"]
[Black "Pralle, Katharina"]
[Result "0-1"]
[WhiteElo "1361"]
[BlackElo "1860"]
[PlyCount "118"]
[EventDate "2016.05.26"]
[EventType "team-swiss"]
[EventRounds "5"]
[EventCountry "GER"]
[SourceTitle "EXT 2019"]
[Source "ChessBase"]
[SourceDate "2018.10.10"]
[SourceVersion "1"]
[SourceVersionDate "2018.10.10"]
[SourceQuality "1"]
[WhiteTeam "Rheinland Pfalz (W)"]
[BlackTeam "Hessen (W)"]
[WhiteTeamCountry "GER"]
[BlackTeamCountry "GER"]

1. d4 d5 2. Nf3 Nf6 3. e3 Bf5 4. c4 e6 5. Nc3 c6 6. c5 Nbd7 7. Be2 Qc7 8. b4 e5 9. b5 Be7 10. Ng5 h6 11. Nf3 0-0 12. Nh4 Bh7 13. 0-0 Ne4 14. Bd3 Bxh4 15. f3 Nxc3 16. Bxh7+ Kxh7 17. Qc2+ Kg8 18. Qxc3 exd4 19. exd4 cxb5 20. Qd3 Bf6 21. f4 Nxc5 22. Qc3 Ne6 23. Qxc7 Bxd4+ 24. Kh1 Nxc7 25. Rb1 a6 26. Bb2 Bxb2 27. Rxb2 Rac8 28. Re2 Rfe8 29. Rd2 Re4 30. f5 Rc4 31. h3 d4 32. Rd3 Nd5 33. g3 Rc1 34. Rxc1 Rxc1+ 35. Kg2 Rc4 36. Kf3 Rc3 37. Ke4 Rxd3 38. Kxd3 Nb4+ 39. Kxd4 Nxa2 40. g4 b4 41. Kc4 a5 42. Kb3 Nc3 43. h4 Nd5 44. Ka4 b5+ 45. Kb3 a4+ 46. Ka2 b3+ 47. Kb2 Ne3 48. g5 hxg5 49. hxg5 Nxf5 50. Ka1 a3 51. Kb1 a2+ 52. Ka1 Nd4 53. Kb2 Nc2 54. Kxb3 a1Q 55. Kxc2 b4 56. Kb3 Qc3+ 57. Ka2 b3+ 58. Ka3 b2+ 59. Ka2 Qc1 0-1

[Event "GER-chT Federal Cup (Women)"]
[Site "Braunfels"]
[Date "2015.06.07"]
[Round "5.5"]
[White "Kube, Hannelore"]
[Black "Pralle, Katharina"]
[Result "1/2-1/2"]
[WhiteElo "1837"]
[BlackElo "1836"]
[PlyCount "41"]
[EventDate "2015.06.04"]
[EventType "team-swiss"]
[EventRounds "5"]
[EventCountry "GER"]
[SourceTitle "CBM 167 Extra"]
[Source "ChessBase"]
[SourceDate "2015.09.14"]
[SourceVersion "1"]
[SourceVersionDate "2015.09.14"]
[SourceQuality "1"]
[WhiteTeam "Thueringen (W)"]
[BlackTeam "Hessen (W)"]
[WhiteTeamCountry "GER"]
[BlackTeamCountry "GER"]

1. c4 e5 2. Nc3 Nf6 3. Nf3 Nc6 4. d4 exd4 5. Nxd4 Bc5 6. e3 0-0 7. Be2 Re8 8. 0-0 h6 9. a3 Bxd4 10. exd4 d5 11. Be3 Bf5 12. Rc1 dxc4 13. Bxc4 Ng4 14. Qf3 Qd7 15. Bb5 Qd6 16. Bf4 Qxd4 17. Bxc7 Qd7 18. Bg3 Nge5 19. Bxe5 Nxe5 20. Qd5 Nc6 21. Rfe1 1/2-1/2

[Event "GER-chT Federal Cup (Women)"]
[Site "Braunfels"]
[Date "2014.06.22"]
[Round "5.6"]
[White "Just, Anita"]
[Black "Pralle, Katharina"]
[Result "1-0"]
[WhiteElo "1849"]
[BlackElo "1865"]
[PlyCount "65"]
[EventDate "2014.06.19"]
[EventType "team-swiss"]
[EventRounds "5"]
[EventCountry "GER"]
[SourceTitle "EXT 2015"]
[Source "ChessBase"]
[SourceDate "2014.11.20"]
[SourceVersion "1"]
[SourceVersionDate "2014.11.20"]
[SourceQuality "1"]
[WhiteTeam "Sachsen (W)"]
[BlackTeam "Hessen (W)"]
[WhiteTeamCountry "GER"]
[BlackTeamCountry "GER"]

1. e4 d5 2. exd5 Qxd5 3. Nc3 Qa5 4. d4 Nf6 5. Bd3 c6 6. h3 Bf5 7. Bxf5 Qxf5 8. Nf3 Nbd7 9. Qe2 Qa5 10. 0-0 e6 11. Bd2 Qc7 12. Rfe1 Bd6 13. Ne4 Nxe4 14. Qxe4 0-0-0 15. c4 Nf6 16. Qc2 Bf4 17. Be3 a6 18. Qa4 h6 19. b4 Nd7 20. b5 Nb6 21. Qb3 Bxe3 22. Rxe3 c5 23. dxc5 Qxc5 24. bxa6 bxa6 25. Rb1 Kc7 26. Ne5 Rhf8 27. Nd3 Qc6 28. Nb4 Qa8 29. Re5 a5 30. Rc5+ Kd7 31. Nc6 a4 32. Qxb6 Rc8 33. Ne5+ 1-0

[Event "GER-chT Federal Cup (Women)"]
[Site "Germany"]
[Date "2007.??.??"]
[Round "1"]
[White "Pralle, Katharina"]
[Black "Rath, Alina"]
[Result "1-0"]
[WhiteElo "1750"]
[BlackElo "1835"]
[PlyCount "55"]
[EventDate "2007.06.??"]
[EventType "team-swiss"]
[EventRounds "5"]
[EventCountry "GER"]
[SourceTitle "EXT 2008"]
[Source "ChessBase"]
[SourceDate "2007.11.25"]
[SourceVersion "1"]
[SourceVersionDate "2007.11.25"]
[SourceQuality "1"]
[WhiteTeam "Hessen"]
[BlackTeam "Berlin"]
[WhiteTeamCountry "GER"]
[BlackTeamCountry "GER"]

1. c4 c5 2. Nc3 Nc6 3. g3 g6 4. Bg2 Bg7 5. e3 e5 6. Nge2 Nge7 7. 0-0 0-0 8. b3 d6 9. Bb2 Bg4 10. h3 Be6 11. Nd5 f5 12. d4 cxd4 13. exd4 exd4 14. Nxd4 Nxd4 15. Bxd4 Nxd5 16. Bxg7 Kxg7 17. Bxd5 Qd7 18. Qd4+ Kg8 19. Rfe1 Rfe8 20. Rad1 Rad8 21. Bxe6+ Rxe6 22. Qxa7 Rxe1+ 23. Rxe1 f4 24. Kh2 fxg3+ 25. fxg3 Rf8 26. Qe3 Qc6 27. Re2 Kg7 28. Qd4+ 1-0

[Event "Halle-chT (Women)"]
[Site "Halle"]
[Date "2005.04.14"]
[Round "1.3"]
[White "Mira, Helene"]
[Black "Pralle, Katharina"]
[Result "1-0"]
[WhiteElo "2188"]
[BlackElo "1823"]
[PlyCount "103"]
[EventDate "2005.04.14"]
[EventType "team"]
[EventRounds "5"]
[EventCountry "GER"]
[SourceTitle "CBM 105 Extra"]
[Source "ChessBase"]
[SourceDate "2005.05.01"]
[SourceVersion "1"]
[SourceVersionDate "2005.05.01"]
[SourceQuality "1"]

1. Nf3 d5 2. c4 e6 3. g3 Nf6 4. Bg2 Be7 5. 0-0 0-0 6. b3 b6 7. Bb2 Bb7 8. cxd5 Bxd5 9. Nc3 Bb7 10. Qc2 Nbd7 11. e4 c5 12. e5 Nd5 13. a3 h6 14. Rfe1 Qc7 15. Ne4 Rac8 16. Rac1 Ba6 17. Qb1 Qb8 18. Nc3 Nxc3 19. dxc3 c4 20. b4 Bb7 21. Rcd1 Rfd8 22. Bc1 Bxf3 23. Bxf3 Nxe5 24. Qe4 Nxf3+ 25. Qxf3 b5 26. Be3 Bf8 27. Bd4 a6 28. Re5 Qa8 29. Qg4 Rd5 30. Rxd5 exd5 31. Be3 Re8 32. Qf5 Rd8 33. Bd4 Qc8 34. Qf3 Qe6 35. Be3 Be7 36. Bd4 Kf8 37. h4 Qe4 38. Qh5 Rd6 39. Kh2 Re6 40. Be3 Bf6 41. Rxd5 Bxc3 42. Rd7 g6 43. Qxh6+ Ke8 44. Rc7 Rc6 45. Rb7 Rc8 46. Ra7 Ra8 47. Bc5 Rxa7 48. Qf8+ Kd7 49. Qxf7+ Kc6 50. Qxa7 Qc2 51. Qb6+ Kd7 52. Qb7+ 1-0